[Event "Zaragoza-ch Segunda 1st"]
[Site "Zaragoza"]
[Date "2014.09.28"]
[Round "1.2"]
[White "Sanz Navarro, Alberto"]
[Black "Yuguero Cupertino, Daniel"]
[Result "1-0"]
[WhiteElo "1693"]
[BlackElo "1547"]
[PlyCount "83"]
[EventDate "2014.09.28"]
[EventType "swiss"]
[EventRounds "9"]
[EventCountry "ESP"]
[SourceTitle "EXT 2024"]
[Source "ChessBase"]
[SourceDate "2023.10.10"]
[SourceVersion "1"]
[SourceVersionDate "2023.10.10"]
[SourceQuality "1"]

1. e4 e5 2. f4 exf4 3. Bc4 Nf6 4. Nc3 Qe7 5. d3 c6 6. Bxf4 d5 7. Bb3 dxe4 8. d4 Bg4 9. Nge2 g6 10. 0-0 Bg7 11. Qd2 Bxe2 12. Nxe2 0-0 13. Rae1 Nbd7 14. Bg5 c5 15. d5 c4 16. Ba4 Qc5+ 17. Kh1 Nb6 18. Bxf6 Bxf6 19. Rxf6 Nxa4 20. c3 Nb6 21. Nf4 Qe7 22. Qd4 Rae8 23. d6 Qe5 24. Ne2 Qxd4 25. Nxd4 Nd5 26. Rff1 Rd8 27. Rxe4 Rxd6 28. Nb5 Rb6 29. a4 a6 30. Na3 Rxb2 31. Nxc4 Rc2 32. Nd6 Nxc3 33. Re7 f5 34. Rc7 Rd2 35. Nxb7 Nxa4 36. h3 Rb2 37. Re1 Rb8 38. Ree7 Nc3 39. Rg7+ Kf8 40. Rcf7+ Ke8 41. Nd6+ Kd8 42. Rd7# 1-0